000
00290nam a2200121Ia 4500
005
20251222144755.0
008
251222s9999||||xx |||||||||||||| ||spa||
082
_a
530.11/E34P
100
_a
Einsten, Albert
245
0
_a
Penseire di un Uomo Curioso
264
_b
Edizione CDE
942
_c
LIB
999
_c
19485
_d
19485